Fuerst Chlodwig zu Hohenlohe-Schillingsfuerst als Statthalter im Reichslande Elsass-Lothringen: 1885 - 1894

Saved in:  
Bibliographic Details
Main Author: Seydler, Wilhelm 1890- (Author)
Format: Print Book
Language:German
Subito Delivery Service: Order now.
Check availability: HBZ Gateway
WorldCat: WorldCat
Interlibrary Loan:Interlibrary Loan for the Fachinformationsdienste (Specialized Information Services in Germany)
Published: Frankfurt a. M. Selbstverl. d. Elsass-Lothringen-Inst. 1929
In:Year: 1929
Series/Journal:Schriften des Wissenschaftlichen Instituts der Elsass-Lothringer im Reich an der Universitaet Frankfurt a. M.
Standardized Subjects / Keyword chains:B Hohenlohe-Schillingsfürst, Chlodwig zu 1819-1901 / Alsace-Lorraine / Governor
Further subjects:B Hohenlohe-Schillingsfürst, Chlodwig zu (1819-1901)
B Governor
B Geschichte 1885 - 1894
B Alsace-Lorraine
Online Access: Table of Contents

MARC

LEADER 00000cam a2200000 c 4500
001 1077304781
003 DE-627
005 20251224215532.0
007 tu
008 850101s1929 xx ||||| 00| ||ger c
035 |a (DE-627)1077304781 
035 |a (DE-603)113195427 
035 |a (DE-576)007304781 
035 |a (DE-599)BSZ007304781 
035 |a (OCoLC)1532283882 
035 |a (OCoLC)35614554 
040 |a DE-627  |b ger  |c DE-627  |e rakwb 
041 |a ger 
082 0 |a 923.243 
084 |a 1  |2 ssgn 
084 |a NP 3492  |2 rvk  |0 (DE-625)rvk/127696: 
084 |a 15.36  |2 bkl 
100 1 |8 1\p  |0 (DE-588)127052763  |0 (DE-627)383192137  |0 (DE-576)296127116  |4 aut  |a Seydler, Wilhelm  |d 1890- 
109 |a Seydler, Wilhelm 1890- 
245 1 0 |a Fuerst Chlodwig zu Hohenlohe-Schillingsfuerst als Statthalter im Reichslande Elsass-Lothringen  |b 1885 - 1894  |c Wilhelm Seydler 
246 3 0 |a Stadthalter 
264 1 |a Frankfurt a. M.  |b Selbstverl. d. Elsass-Lothringen-Inst.  |c 1929 
300 |a XIII, 179 S. 
336 |a Text  |b txt  |2 rdacontent 
337 |a ohne Hilfsmittel zu benutzen  |b n  |2 rdamedia 
338 |a Band  |b nc  |2 rdacarrier 
490 0 |a Schriften des Wissenschaftlichen Instituts der Elsass-Lothringer im Reich an der Universitaet Frankfurt a. M. 
505 8 |a Literaturverz. S. IX - XIII 
600 1 7 |0 (DE-588)118706314  |0 (DE-627)079488013  |0 (DE-576)209317329  |a Hohenlohe-Schillingsfürst, Chlodwig zu  |d 1819-1901  |2 gnd 
648 7 |a Geschichte 1885 - 1894  |2 gnd 
650 0 7 |0 (DE-588)4057007-1  |0 (DE-627)106152920  |0 (DE-576)209119829  |a Statthalter  |2 gnd 
651 7 |0 (DE-588)4014502-5  |0 (DE-627)106339885  |0 (DE-576)208908102  |a Elsass-Lothringen  |2 gnd 
689 0 0 |d p  |0 (DE-588)118706314  |0 (DE-627)079488013  |0 (DE-576)209317329  |2 gnd  |a Hohenlohe-Schillingsfürst, Chlodwig zu  |d 1819-1901 
689 0 1 |d g  |0 (DE-588)4014502-5  |0 (DE-627)106339885  |0 (DE-576)208908102  |2 gnd  |a Elsass-Lothringen 
689 0 2 |d s  |0 (DE-588)4057007-1  |0 (DE-627)106152920  |0 (DE-576)209119829  |2 gnd  |a Statthalter 
689 0 |5 (DE-627) 
856 4 2 |u https://swbplus.bsz-bw.de/bsz1077304781inh.htm  |m V:DE-576  |m B:DE-352  |v 20231124193205  |3 Inhaltsverzeichnis  |7 1 
883 |8 1\p  |a cgwrk  |d 20241001  |q DE-101  |u https://d-nb.info/provenance/plan#cgwrk 
935 |a mteo 
936 r v |a NP 3492  |b Fürst zu Hohenlohe-Schillingsfürst (1894 - 1900)  |k Geschichte  |k Von der Restauration bis zum Ende des Ersten Weltkrieges (1815 - 1918)  |k Zeitalter des Imperialismus (1890 - 1914)  |k Deutsche Geschichte  |k Reichskanzler  |k Fürst zu Hohenlohe-Schillingsfürst (1894 - 1900)  |0 (DE-627)1271469340  |0 (DE-625)rvk/127696:  |0 (DE-576)201469340 
936 b k |a 15.36  |j Europäische Geschichte 1815-1914  |q coli-conc RVK->BK  |q https://coli-conc.gbv.de/api/mappings/74a16610-395f-4b72-89bb-58d4870ebd54  |0 (DE-627)18157103X 
951 |a BO 
ELC |b 1 
ITA |a 1 
LOK |0 000 xxxxxcx a22 zn 4500 
LOK |0 001 2057578151 
LOK |0 003 DE-627 
LOK |0 004 1077304781 
LOK |0 005 20100408024906 
LOK |0 008 971209||||||||||||||||ger||||||| 
LOK |0 040   |a DE-21-31  |c DE-627  |d DE-21-31 
LOK |0 541   |e 9953 
LOK |0 852   |a DE-21-31 
LOK |0 852 1  |c Vc 50  |m p  |9 00 
LOK |0 852 2  |b Magazin  |9 00 
LOK |0 938   |k p 
LOK |0 939   |a 09-12-97  |b l01 
LOK |0 000 xxxxxcx a22 zn 4500 
LOK |0 001 2554653003 
LOK |0 003 DE-627 
LOK |0 004 1077304781 
LOK |0 005 20071031103729 
LOK |0 008 071031||||||||||||||||ger||||||| 
LOK |0 040   |a DE-21-64  |c DE-627  |d DE-21-64 
LOK |0 541   |e 19563 
LOK |0 852   |a DE-21-64 
LOK |0 852 1  |c Vc 372  |m p  |9 00 
LOK |0 935   |a k064  |a i064  |a kneu 
LOK |0 938   |k p 
LOK |0 939   |a 31-10-07  |b l01 
ORI |a SA-MARC-ixtheoa001.raw 
REL |a 1 
STA 0 0 |a Alsace-Lorraine,Elsaß-Lothringen,Governor,Province 
STB 0 0 |a Gouverneur 
STC 0 0 |a Gobernador 
STD 0 0 |a Governatore 
STE 0 0 |a 省长,行政长官,总督 
STF 0 0 |a 省長,行政長官,總督 
STG 0 0 |a Governador 
STH 0 0 |a Штатгальтер,Губернатор 
STI 0 0 |a Κυβερνήτης,Ανώτερος διοικητικός υπάλληλος μίας περιοχής 
SUB |a REL 
SYA 0 0 |a Schillingsfürst, Chlodwig zu Hohenlohe-,1819-1901,Hohenlohe Schillingsfürst, Chlodwig zu,1819-1901,Hohenlohe-Schillingsfürst, Chlodwig Karl Viktor zu,1819-1901,Hohenlohe-Schillingsfürst, Chlodwig Carl Viktor zu,1819-1901,Chlodwig,Hohenlohe-Schillingsfürst, Fürst,1819-1901,Schillingsfürst, Chlodwig Hohenlohe zu,1819-1901,Chlodwig,zu Hohenlohe-Schillingsfürst,1819-1901,Hohenlohe, Chlodwig Karl Viktor zu,1819-1901,Hohenlohe, Chlodwig von,1819-1901,Hohenlohe, Clovis de,1819-1901,Hohenlohe-Schillingsfürst, Chlodwig Karl Viktor,Fürst zu,1819-1901,Hohenlohe, Chlodwig zu,1819-1901,Chlodwig Karl Viktor,Fürst zu Hohenlohe-Schillingsfürst,1819-1901,Chlodwig,Fürst zu Hohenlohe-Schillingsfürst,1819-1901,Clovis,prince de Hohenlohe,1819-1901 
SYE 0 0 |a Provinz 
SYF 0 0 |a Alsace-Lorraine,Reichsland Elsaß-Lothringen,Bundesstaat Elsaß-Lothringen 
SYG 0 0 |a Schillingsfürst, Chlodwig zu Hohenlohe-,1819-1901,Hohenlohe Schillingsfürst, Chlodwig zu,1819-1901,Hohenlohe-Schillingsfürst, Chlodwig Karl Viktor zu,1819-1901,Hohenlohe-Schillingsfürst, Chlodwig Carl Viktor zu,1819-1901,Chlodwig,Hohenlohe-Schillingsfürst, Fürst,1819-1901,Schillingsfürst, Chlodwig Hohenlohe zu,1819-1901,Chlodwig,zu Hohenlohe-Schillingsfürst,1819-1901,Hohenlohe, Chlodwig Karl Viktor zu,1819-1901,Hohenlohe, Chlodwig von,1819-1901,Hohenlohe, Clovis de,1819-1901,Hohenlohe-Schillingsfürst, Chlodwig Karl Viktor,Fürst zu,1819-1901,Hohenlohe, Chlodwig zu,1819-1901,Chlodwig Karl Viktor,Fürst zu Hohenlohe-Schillingsfürst,1819-1901,Chlodwig,Fürst zu Hohenlohe-Schillingsfürst,1819-1901,Clovis,prince de Hohenlohe,1819-1901 , Alsace-Lorraine,Reichsland Elsaß-Lothringen,Bundesstaat Elsaß-Lothringen , Provinz 
TIM |a 100018710101_100019181231  |b 1871 - 1918